Australian Geography - Sudden Death - Statistics

General Stats
  • This quiz has been taken 144 times
    15 since last reset
  • The average score is 8 of 15
Answers on the Grid
Answers color-coded by a green-red scale on the quiz's grid according to % correct below.
Great Dividing Range
Rocky Mountains
Great Barrier Reef
Great Lakes
Appalachian Mountains
Daintree Rainforest
Uluru (Ayers Rock)
Mount Kosciuszko
Ben Nevis
The Fens
Isle of Man
Tasmania
Kakadu National Park
Shark Bay
Loire
Sardinia
Christmas Island
Blue Mountains
Pinnacles
Mount Etna
Everglades National Park
Hudson Bay
Murray River
Nullarbor Plain
Bluff Knoll
Alaska
Hawaii
Lake Eyre
Tasman Glacier
Mount Cook
 
Answer Stats
Answer % Correct
Great Barrier Reef
100%
Tasmania
87%
Great Dividing Range
80%
Uluru (Ayers Rock)
73%
Murray River
67%
Mount Kosciuszko
60%
Christmas Island
47%
Daintree Rainforest
47%
Lake Eyre
47%
Blue Mountains
40%
Nullarbor Plain
40%
Bluff Knoll
33%
Kakadu National Park
33%
Shark Bay
33%
Pinnacles
27%
No matching quizzes found
Score Distribution
Percent of People with Each Score
Percentile by Number Answered
Your Score History
You have not taken this quiz since the last reset